000 00196 a2200097 4500
001 19857
100 _aZikrya
245 _aRiaz-ul-Salaheen
260 _a
_bM Saeed & Co
_c
090 _c14479
_d14479
942 _aNUST-CAE
_cM
_c4979
999 _c254930
_d254930